Megnyílt a XXVIII. Őszi Tárlat

Elmentve itt :
Bibliográfiai részletek
Szerző: Kornidesz Mihály
Dokumentumtípus: Cikk
Megjelent: 1981-10-13
Sorozat:Délmagyarország 71 No. 240
Kulcsszavak:Vásárhelyi Őszi Tárlat 28. 1981 Hódmezővásárhely, Hódmezővásárhely, Képzőművészet kiállítás Hódmezővásárhely
Online Access:http://dmarchiv.bibl.u-szeged.hu/86161
LEADER 00576nab a2200157 i 4500
001 delm86161
005 20190612125423.0
008 190612s1981 hu o 0|| hun d
040 |a SZTE Délmagyarország Archívum  |b hun 
041 |a hun 
100 1 |a Kornidesz Mihály 
245 1 0 |a Megnyílt a XXVIII. Őszi Tárlat  |h [elektronikus dokumentum] /  |c  Kornidesz Mihály 
260 |c 1981-10-13 
300 |a 1 
490 0 |a Délmagyarország  |v 71 No. 240 
695 |a Vásárhelyi Őszi Tárlat 28. 1981 Hódmezővásárhely, Hódmezővásárhely, Képzőművészet kiállítás Hódmezővásárhely